| 000 | 00710cam a22001935a 4500 | ||
|---|---|---|---|
| 001 | L141150 | ||
| 008 | 071031s1811 xxk eng u | ||
| 035 | _a(Sirsi) u141150 | ||
| 041 | 0 | _aeng | |
| 245 | 0 | 0 |
_aKirkleavington, near Yarm in Cleveland _bto be sold by auction on Thursday the 21st day of November 1811 at 2 o'clock in the afternoon, at the Black Lion in Stockton-Upon-Tees... |
| 260 |
_aStockton _bChristopher and Jennett _c1811 |
||
| 300 |
_a2 leaves _b33 x 20 cm. |
||
| 340 | _aPrinted | ||
| 351 | _cSingle item | ||
| 500 | _aPresented by C. L. Smith. | ||
| 651 | 4 |
_aYorkshire _y1888- |
|
| 690 | _aPROPERTY-PROPERTY ACQUISITION AND DISPOSAL-ACQUISITION AND DISPOSAL AT AUCTION | ||
| 942 | _n0 | ||
| 999 |
_c116623 _d116623 |
||